000 00491nam a2200181Ia 4500
008 090124s9999 xx 000 0 und d
082 _b39824
100 _a"MITHANI ,D. M."
245 _aA TEXBOOK OF BUSINESS ECONOMICS
250 _a0
260 _bSHRI H. A. SHETH FOR SHETH PUB.
_c1988
300 _a473
600 _a"MITHANI ,D. M."
630 _aA TEXBOOK OF BUSINESS ECONOMICS
700 _a"MITHANI ,D. M."
730 _aA TEXBOOK OF BUSINESS ECONOMICS
942 _cBOOK
999 _c100589
_d100589